000 00294nam a2200121Ia 4500
005 20251222144835.0
008 251222s9999||||xx |||||||||||||| ||spa||
082 _a264.5/G22
100 _aGarassini, Juan B.
245 0 _aSalmos a San José esposo
264 _bSaturnino Calleja
942 _cLIB
999 _c21001
_d21001